| 000 -CABECERA |
| Longitud fija campo de control |
00647nam a2200193 a 4500 |
| 001 - NÚMERO DE CONTROL |
| Número de control |
3835 |
| 003 - IDENTIFICADOR DEL NÚMERO DE CONTROL |
| Identificador del número de control |
CDMR |
| 005 - FECHA Y HORA DE LA ÚLTIMA TRANSACCIÓN |
| Fecha y hora de la última transacción |
20131004112333.0 |
| 008 - CÓDIGOS DE INFORMACIÓN DE LONGITUD FIJA |
| Códigos de información de longitud fija |
130130s1989||||||||||||||||||||||||||||d |
| 020 ## - NÚMERO INTERNACIONAL NORMALIZADO PARA LIBROS |
| Número Internacional Normalizado para Libros (ISBN) |
8474886554 |
| 040 ## - FUENTE DE LA CATALOGACIÓN |
| Centro catalogador de origen |
CDMR |
| Lengua de catalogación |
cat |
| Centro transcriptor |
CDMR |
| 245 #0 - MENCIÓN DE TÍTULO |
| Título |
10 años de libertad de información en la radio española (1977-1987) |
| Mención de responsabilidad, etc. |
edición a cargo de rosa Franquet y Josep Maria Martí |
| 260 ## - PUBLICACIÓN, DISTRIBUCIÓN, ETC. (PIE DE IMPRENTA) |
| Lugar de publicación, distribución, etc. |
Barcelona |
| Fecha de publicación, distribución, etc. |
1989 |
| Nombre del editor, distribuidor, etc. |
U.A.B. |
| 300 ## - DESCRIPCIÓN FÍSICA |
| Extensión |
214 p. |
| 500 ## - NOTA GENERAL |
| Nota general |
Jornadas sobre la libertad informativa en los medios audiovisuales españoles |
| 700 1# - PUNTO DE ACCESO ADICIONAL - NOMBRE DE PERSONA |
| 9 (RLIN) |
210 |
| Nombre de persona |
Franquet, Rosa |
| Término indicativo de función |
ed. |
| 700 1# - PUNTO DE ACCESO ADICIONAL - NOMBRE DE PERSONA |
| 9 (RLIN) |
498 |
| Nombre de persona |
Martí Martí, Josep Maria |
| Término indicativo de función |
ed. |
| 942 ## - ENTRADA DE ELEMENTOS AGREGADOS (KOHA) |
| Koha [por defecto] tipo de item |
Monografies |
| Fuente de clasificaión o esquema |
|